000 00707nam a2200241Ia 4500
003 OSt
005 20221005105348.0
006 a|||||r|||| 00| 0
007 ta
008 221004b |||||||| |||| 00| 0 hin d
024 _a35864
037 _cTextual
040 _aCRL
_cCRL
_bhin
041 _2hin
_ahin
082 _aV, 152Q3
245 0 _aयू. जी. स नेट
246 _aYū jī s neṭa
260 _aनई दिल्ली
_bदालिका पब्लिशिंग कम्पनी भारत
_c2013
300 _a792पृ0
_ccm.
650 _aभारत-इतिहास
_9156353
942 _hV, 152Q3
_cTEXL
_2cc
999 _c1015601
_d1015601